[Event "Medellin de La Raza U2000 op"]
[Site "Medellin"]
[Date "2023.10.16"]
[Round "8"]
[White "Rendon Prado, Haymer"]
[Black "Betancur Alvarez, Sara Maria"]
[Result "0-1"]
[WhiteElo "1584"]
[BlackElo "1407"]
[PlyCount "36"]
[EventDate "2023.10.12"]
[EventType "swiss"]
[EventRounds "9"]
[EventCountry "COL"]
[SourceTitle "Mega2024 Update 01"]
[Source "Chessbase"]
[SourceDate "2023.11.12"]
[SourceVersion "1"]
[SourceVersionDate "2023.11.12"]
[SourceQuality "1"]

1. e4 g6 2. d4 d6 3. Nc3 c6 4. Be3 Bg7 5. Qd2 a6 6. Be2 Nd7 7. Nf3 e5 8. dxe5 dxe5 9. 0-0-0 Qc7 10. h3 b5 11. Qd6 Qxd6 12. Rxd6 Bb7 13. Rhd1 Ngf6 14. Bg5 0-0-0 15. Bxf6 Bxf6 16. Rxf6 Nxf6 17. Rxd8+ Rxd8 18. Nxe5 b4 0-1